Biblioteca y Centro de Documentación

Vista normal Vista MARC

Entrada Nombre personal

Número de registros utilizados en: 2

001 - NÚMERO DE CONTROL

  • Campo de control: 7837

003 - IDENTIFICADOR DE NÚMERO DE CONTROL

  • Campo de control: ES-MaCES

005 - FECHA Y HORA DE LA ULTIMA MODIFICACION

  • Campo de control: 20220308101753.0

008 - ELEMENTOS DE DATOS DE LONGITUD FIJA

  • Campo de longitud fija: 111215 | azznnaabn |n aaa d

035 ## - NÚMERO DE CONTROL DEL SISTEMA

  • Número de control del sistema: CES20110011079n

040 ## - FUENTE DE LA CATALOGACIÓN

  • Agencia original de catalogación: ES-MaCES
  • Idioma de catalogación: spa
  • Agencia de transcripción: ES-MaCES

100 1# - ENCABEZAMIENTO--NOMBRE DE PERSONA

  • Nombre personal: Blanco, José

400 1# - TRAZADO VEÁSE--NOMBRE DE PERSONA

  • Nombre personal: Blanco López, José

670 ## - FUENTE DE DATOS ENCONTRADOS

  • Fuente de citación: CD del CES
  • Información encontrada: socio, fundador y CEO de ACENTO. Anteriormente ligado al PSOE, larga trayectoria gobierno socialista, ministro de fomento, entre otros cargos.

901 ## - CES. DATOS SIRTEX

  • ID Sirtex (N5N8): 0001500023523
  • 005BIS Sirtex: 201112151036ALORITE
© CES, Consejo Económico y Social de España 2021